000 00425nam a2200205Ia 4500
001 13149
003 GE_BSU
008 181216s||||||||xx |||||||||||||| ||und||
020 _a9780340978030
040 _cGE_BSU
080 _a821.111-3
100 _aKey,Duma.
245 _aStephen King.
260 _aLondon.
260 _bHodder.
260 _c2008
300 _a690p;18cm.
653 _aStephen King.
942 _cBK
999 _c46313
_d46313